000 01098nmm a2200313 a 4500
003 AR-BaBNM
005 20251128211657.0
008 095020s2005 ||||||||||||||000 | spa||
020 _a987-43-9266-5
040 _cAR-BaBNM
100 1 _aBarrera, Laura Beatriz
245 1 0 _aEl maestro, la música y el niño
_butilización de la música como recurso didáctico : cantando también se aprende : trabajos prácticos aplicables inmediatamente en el aula
250 _a1a ed.
260 _aBuenos Aires
_bLaura Beatriz Barrera
_c2005
300 0 _a205 p.
_e1 CD-ROM
500 1 _aSolicitar el material complementario en la Mediateca no. 750811, 750810
500 0 _aEl ejemplar no. 136754 contiene dedicatoria de la autora
504 _aContiene referencias bibliográficas y discografía p. 203-205
650 4 _aEDUCACION ARTISTICA
650 4 _aEDUCACION MUSICAL
650 4 _aCANCIONES
650 4 _aFONOLOGIA
650 4 _aRECURSOS DIDACTICOS
650 4 _aACTIVIDADES
650 4 _aJUEGO
700 1 _aGorricho, Martín
_eilustrador
942 _cBK
998 _craque-indi
999 _c20673
_d20673